| 000 | 01103nac a22003011i 4500 | ||
|---|---|---|---|
| 003 | EG-ScBUE | ||
| 005 | 20250720112407.0 | ||
| 008 | 250709t1975 nyua f b 001 0 eng d | ||
| 020 | _a0471194751 | ||
| 040 |
_aEG-ScBUE _beng _erda _cEG-ScBUE _dEG-ScBUE |
||
| 082 | 0 | 4 |
_a541.3 _bDAN _222 |
| 100 | 1 |
_aDaniels, Farrington, _d1889-1972, _eauthor. |
|
| 245 | 1 | 0 |
_aPhysical chemistry / _cFarrington Daniels, Robert A. Alberty, professor of chemistry, dean of science, Massachusetts Institute of Technology. |
| 250 | _aFourth edition. | ||
| 264 | 1 |
_aNew York : _bJohn Wiley & Sons, Inc., _c[1975] |
|
| 264 | 4 | _cc1975 | |
| 300 |
_axii, 687 pages : _billustrations ; _c24 cm |
||
| 336 |
_2rdacontent _atext _btxt |
||
| 337 |
_aunmediated _2rdamedia _bn |
||
| 338 |
_avolume _bnc _2rdacarrier |
||
| 500 | _aAuthor's names in reverse order in previous editions. | ||
| 500 | _aIncludes appendix. | ||
| 504 | _aIncludes bibliographical references and index. | ||
| 650 | 7 |
_aChemistry, Physical and theoretical. _2BUEsh |
|
| 655 | _vReading book | ||
| 700 | 1 |
_aAlberty, Robert A., _eauthor. |
|
| 942 |
_cBB _2ddc |
||
| 999 |
_c4662 _d4662 |
||